| Registos Bibliográficos associados ao registo de autoridade |
|
Etiqueta de registo: 00000nam 2200025 450 001 1837150 003 http://id.bnportugal.gov.pt/bib/catbnp/1837150 010 ## $a978-989-679-129-2 021 ## $aPT$b340329/12 100 ## $a20130418d2012 d y0pory01030103ba 101 1# $apor$ceng 102 ## $aPT 105 ## $aa z 000yy 106 ## $ar 200 1# $aPonto a ponto$e um conjunto completo para criar bonecos de pano$fGen West$gil. Jayne Evans, Laura Hambleton$gtrad. Helena Romão 205 ## $a1ª ed 210 #9 $aLisboa$cEdicare,$d2012 215 ## $a1 v. em caixa$cmuito il.$d25 x 20 x 7 cm 327 1# $aContém: Guia para aprender a fazer bonecos de pano. - 40 p. ; 1 caixa de costura em
cartão com os tecidos e enchimento necessários para fazer o gato 333 ## $aA partir dos 7 anos 675 ## $a087.5$vBN$zpor$3287999 700 #1 $aWest,$bGen$31530476 702 #1 $aRomão,$bHelena$4730$3798291 702 #1 $aHambleton,$bLaura$4440$31530478 702 #1 $aEvans,$bJayne$4440$31530477 801 #0 $aPT$bBN$gRPC 856 41 $uhttp://rnod.bnportugal.gov.pt/ImagesBN/winlibimg.aspx?skey=&doc=1837150&img=26114&save=true 900 ## $aBIBNAC$d20130607 966 ## $lBN$mFGMON$sP. 37351 V.$x1 966 ## $lBN$mFGMON$sP. 37351 V.-D$x1
Etiqueta de registo: 00254nam 2200025 450 001 2285261 003 http://id.bnportugal.gov.pt/bib/catbnp/2285261 010 ## $a978-989-9221-61-1 021 ## $aPT$b549400/25 100 ## $a20260427d2026 c y0pory01030103ba 101 1# $apor$ceng 102 ## $aPT 105 ## $aa z 000yy 106 ## $ar 200 1# $a O pequeno botão$fLaura Hambleton$gtrad. Carla Maia de Almeida 205 ## $a1ª ed 210 #9 $aLisboa$cJacarandá,$d2026 215 ## $a[28] p.$cil.$d28 cm 304 ## $aTít. orig.: Bud 700 #1 $aHambleton,$bLaura$31530478 702 #1 $aAlmeida,$bCarla Maia de,$f1969-$4730$31266451 801 #0 $aPT$bBN$gRPC 966 ## $lBN$mFGMON$x1 966 ## $lBN$mFGMON$x1 971 ## $cisantos$d20260427
|
|
|